| 000 | 00707cam a2200181 4500 | ||
|---|---|---|---|
| 001 | X118548 | ||
| 008 | 020626n2002 000 0 eng u | ||
| 035 | _a(Sirsi) u118548 | ||
| 100 | _aDye, C | ||
| 245 | _aTo stay or not to stay? | ||
| 260 | _c2002 | ||
| 490 |
_aNew Law Journal _v152(7029) 26 April 2002, 640-641(2) |
||
| 520 | _aExplains how courts will apply CPR 3.9 when party seeks relief from a stay under Part 51. Examines how to balance guidelines with overriding objective. Clarifies information court needs to have in deciding whether to lift automatic stay. | ||
| 650 | _aCIVIL PROCEDURE RULES | ||
| 650 | _aCIVIL PROCEDURE RULES 1998 | ||
| 690 |
_aDispute resolution _96236 |
||
| 942 | _n0 | ||
| 999 |
_c70592 _d70592 |
||